000 06940nam a22005297a 4500
005 20100101100812.0
008 091214t xxu||||| |||| 00| 0 hin d
020 _c125.00
_a9788188462483
035 _aB-3733897-923
037 _bसंजीव प्रकाशन/ PUB
040 _aDPL
_bHN
082 _a
100 _aमाधवी
_915211
245 _aराजा और नाई /
_cमाधवी
260 _aनई दिल्ली
_bसंजीव प्रकाशन
_c2009
270 _a3613, सुभाष मार्ग, दरियागंज
_bनई दिल्ली
_e110002
300 _a64पृ.
_c24सेमी (सजिल्द)
_bसचित्र
942 _2ddc
_cCH
_h
_mमाधवी
999 _c33410
_d33410